[Event "Niedersachsen-ch Seniors op 11th"]
[Site "Bad Bevensen"]
[Date "2008.07.16"]
[Round "9"]
[White "Loeding, Walter"]
[Black "Heimberg, Guenter"]
[Result "1/2-1/2"]
[WhiteElo "1428"]
[BlackElo "1529"]
[PlyCount "106"]
[EventDate "2008.07.08"]
[EventType "swiss"]
[EventRounds "9"]
[EventCountry "GER"]
[SourceTitle "EXT 2022"]
[Source "ChessBase"]
[SourceDate "2021.10.06"]
[SourceVersion "1"]
[SourceVersionDate "2021.10.06"]
[SourceQuality "1"]

1. e4 e6 2. e5 d6 3. Qe2 dxe5 4. Qxe5 Nd7 5. Qe2 Ngf6 6. g3 Be7 7. Bg2 0-0 8. Nf3 Re8 9. 0-0 c6 10. a3 h6 11. Nc3 Bd6 12. Ne4 Nxe4 13. Qxe4 Nf6 14. Qe1 Qc7 15. d3 Bd7 16. Qd1 Rad8 17. Nd2 e5 18. Ne4 Nxe4 19. dxe4 Be6 20. Be3 b6 21. Qc1 Kh7 22. c4 Be7 23. Rd1 Rd7 24. Rxd7 Qxd7 25. Qc2 Rd8 26. Bf1 Bg4 27. Be2 Bxe2 28. Qxe2 c5 29. a4 Kg8 30. Kg2 Kf8 31. b3 Qc6 32. f3 Qd6 33. Rb1 Bg5 34. h4 Bxe3 35. Qxe3 Qe6 36. Rb2 Rd4 37. Rd2 Qd6 38. Rxd4 cxd4 39. Qd3 Qa3 40. Qb1 Qb4 41. Qa2 Kg8 42. h5 Qc3 43. Kh3 Qxf3 44. b4 Qf6 45. a5 Qd6 46. axb6 Qxb6 47. c5 Qb7 48. Qd5 Qc8+ 49. Kg2 Qg4 50. Qd8+ Kh7 51. Qd5 Qe2+ 52. Kh3 Qxh5+ 53. Kg2 Qe2+ 1/2-1/2

[Event "Niedersachsen-ch Seniors op 11th"]
[Site "Bad Bevensen"]
[Date "2008.07.13"]
[Round "6"]
[White "Gohlke, Karl Heinz"]
[Black "Loeding, Walter"]
[Result "1-0"]
[WhiteElo "1760"]
[BlackElo "1428"]
[PlyCount "45"]
[EventDate "2008.07.08"]
[EventType "swiss"]
[EventRounds "9"]
[EventCountry "GER"]
[SourceTitle "EXT 2022"]
[Source "ChessBase"]
[SourceDate "2021.10.06"]
[SourceVersion "1"]
[SourceVersionDate "2021.10.06"]
[SourceQuality "1"]

1. d4 Nf6 2. c4 g6 3. g3 Bg7 4. Bg2 c6 5. d5 c5 6. Nc3 d6 7. e4 Nfd7 8. Nge2 Nb6 9. 0-0 Nxc4 10. Qa4+ Nd7 11. Qxc4 0-0 12. Bf4 a6 13. a4 b6 14. Qd3 Ra7 15. h3 Re8 16. Rad1 h6 17. Kh2 g5 18. Bc1 Ne5 19. Qc2 Ng6 20. f4 f6 21. e5 Nh8 22. e6 Rf8 23. Qf5 1-0

[Event "Niedersachsen-ch Seniors op 11th"]
[Site "Bad Bevensen"]
[Date "2008.07.10"]
[Round "3"]
[White "Loeding, Walter"]
[Black "Mellenthin, Horst"]
[Result "0-1"]
[WhiteElo "1428"]
[BlackElo "1687"]
[PlyCount "65"]
[EventDate "2008.07.08"]
[EventType "swiss"]
[EventRounds "9"]
[EventCountry "GER"]
[SourceTitle "EXT 2022"]
[Source "ChessBase"]
[SourceDate "2021.10.06"]
[SourceVersion "1"]
[SourceVersionDate "2021.10.06"]
[SourceQuality "1"]

1. e4 c5 2. Nf3 Nc6 3. d4 cxd4 4. Nxd4 Nf6 5. Nc3 d6 6. a3 e5 7. Nxc6 bxc6 8. Be2 Be7 9. 0-0 0-0 10. Kh1 Rb8 11. Bf3 Be6 12. Re1 Qb6 13. g3 Rfd8 14. Bg2 Ng4 15. Be3 Nxf2+ 16. Bxf2 Qxf2 17. Rf1 Qc5 18. Na4 Qb5 19. b3 d5 20. Qe1 d4 21. Nb2 c5 22. a4 Qb4 23. Qxb4 cxb4 24. Nd3 f6 25. h3 Rdc8 26. Rf2 Rc3 27. Ra2 Bxb3 28. cxb3 Rxd3 29. Bf1 Rxg3 30. Kh2 Re3 31. Kg2 Kf8 32. Rfe2 Rc8 33. Red2 0-1

[Event "Niedersachsen-ch Seniors op 11th"]
[Site "Bad Bevensen"]
[Date "2008.07.09"]
[Round "2"]
[White "Buck, Klaus Michael"]
[Black "Loeding, Walter"]
[Result "1/2-1/2"]
[WhiteElo "1614"]
[BlackElo "1428"]
[PlyCount "64"]
[EventDate "2008.07.08"]
[EventType "swiss"]
[EventRounds "9"]
[EventCountry "GER"]
[SourceTitle "EXT 2022"]
[Source "ChessBase"]
[SourceDate "2021.10.06"]
[SourceVersion "1"]
[SourceVersionDate "2021.10.06"]
[SourceQuality "1"]

1. b4 Nf6 2. Bb2 g6 3. Bxf6 exf6 4. c3 Bg7 5. e3 0-0 6. Nf3 d6 7. Be2 a6 8. 0-0 Nc6 9. a4 Ne7 10. Na3 f5 11. Rb1 b6 12. a5 d5 13. axb6 cxb6 14. Nc2 Bd7 15. Ncd4 Bf6 16. Ra1 b5 17. Ra5 Qb6 18. Qb3 Ra7 19. Rfa1 Rfa8 20. Qa2 Nc6 21. Qxd5 Nxa5 22. Rxa5 Rd8 23. Qa2 Rda8 24. h3 Kg7 25. Qa1 h6 26. Bd1 Qc7 27. Bb3 Qd6 28. Qa2 Be8 29. Bc2 Bd7 30. Qb1 Bd8 31. Ra1 Rb8 32. Bd3 Rc7 1/2-1/2

[Event "Niedersachsen-ch Seniors 42th"]
[Site "Sottrum"]
[Date "2008.04.16"]
[Round "7"]
[White "Loeding, Walter"]
[Black "Girod, Gudrun"]
[Result "1-0"]
[WhiteElo "1379"]
[BlackElo "1281"]
[PlyCount "57"]
[EventDate "2008.04.10"]
[EventType "swiss"]
[EventRounds "9"]
[EventCountry "GER"]
[SourceTitle "EXT 2022"]
[Source "ChessBase"]
[SourceDate "2021.10.06"]
[SourceVersion "1"]
[SourceVersionDate "2021.10.06"]
[SourceQuality "1"]

1. e4 d5 2. exd5 Qxd5 3. Nc3 Qd8 4. d4 e6 5. a3 Nf6 6. Nf3 h6 7. g3 Bd6 8. Nb5 c6 9. Nxd6+ Qxd6 10. Bf4 Qd8 11. Bg2 0-0 12. 0-0 Nbd7 13. c3 Nd5 14. Bd2 N7f6 15. Re1 Ne7 16. Ne5 Ng6 17. Nd3 Qc7 18. Ne5 Nxe5 19. Rxe5 Nh7 20. Qc2 f6 21. Re2 f5 22. Re5 Qe7 23. Rae1 Ng5 24. f3 Nf7 25. Rxf5 Qd8 26. Rf4 Nh8 27. Re5 Rxf4 28. Bxf4 Ng6 29. Qxg6 1-0

[Event "Niedersachsen-ch Seniors 42th"]
[Site "Sottrum"]
[Date "2008.04.14"]
[Round "5"]
[White "Addicks, Addick"]
[Black "Loeding, Walter"]
[Result "0-1"]
[WhiteElo "1007"]
[BlackElo "1379"]
[PlyCount "68"]
[EventDate "2008.04.10"]
[EventType "swiss"]
[EventRounds "9"]
[EventCountry "GER"]
[SourceTitle "EXT 2022"]
[Source "ChessBase"]
[SourceDate "2021.10.06"]
[SourceVersion "1"]
[SourceVersionDate "2021.10.06"]
[SourceQuality "1"]

1. e4 c5 2. Nf3 Nc6 3. d4 cxd4 4. Nxd4 Qb6 5. c3 a6 6. Be3 Nxd4 7. b3 e5 8. cxd4 Bb4+ 9. Nd2 exd4 10. Bf4 Ne7 11. a3 Bc3 12. Rc1 Ng6 13. g3 0-0 14. Qf3 Qxb3 15. Ke2 Qb5+ 16. Kd1 Qa4+ 17. Rc2 Re8 18. Nb1 Nxf4 19. Qxf4 Re6 20. Nxc3 dxc3 21. Bd3 Rf6 22. Qe3 Qxa3 23. Ke1 d6 24. Rg1 Qa1+ 25. Qc1 Qxc1+ 26. Rxc1 Bd7 27. Rxc3 Bc6 28. h4 a5 29. h5 Rc8 30. Bb5 d5 31. e5 Rf5 32. Re3 Bxb5 33. h6 g6 34. Kd2 Rxf2+ 0-1

[Event "Niedersachsen-ch Seniors op 10th"]
[Site "Bad Bevensen"]
[Date "2007.07.07"]
[Round "5"]
[White "Loeding, Walter"]
[Black "Marunde, Uwe"]
[Result "1/2-1/2"]
[WhiteElo "1329"]
[BlackElo "1129"]
[PlyCount "54"]
[EventDate "2007.07.03"]
[EventType "swiss"]
[EventRounds "9"]
[EventCountry "GER"]
[SourceTitle "EXT 2022"]
[Source "ChessBase"]
[SourceDate "2021.10.06"]
[SourceVersion "1"]
[SourceVersionDate "2021.10.06"]
[SourceQuality "1"]

1. e4 e5 2. Nf3 d5 3. exd5 Qxd5 4. Nc3 Qe6 5. Ng5 Qf6 6. d3 h6 7. Nge4 Qd8 8. g3 Bf5 9. Bg2 c6 10. 0-0 Bxe4 11. Bxe4 Bb4 12. Ne2 Bc5 13. Be3 Bd4 14. c3 Bxe3 15. fxe3 Qb6 16. Qd2 Nf6 17. Bf3 0-0 18. Kh1 Rd8 19. e4 Nbd7 20. Qc2 Nc5 21. Rad1 Rd6 22. d4 Ncd7 23. dxe5 Rxd1 24. Rxd1 Nxe5 25. Nd4 Rd8 26. Qe2 g6 27. Bg2 Nfg4 1/2-1/2

[Event "Niedersachsen-ch Seniors 41st"]
[Site "Sottrum"]
[Date "2007.03.25"]
[Round "4"]
[White "Loeding, Walter"]
[Black "Klose, Hans Peter"]
[Result "1/2-1/2"]
[WhiteElo "1429"]
[BlackElo "1434"]
[PlyCount "40"]
[EventDate "2007.03.22"]
[EventType "swiss"]
[EventRounds "9"]
[EventCountry "GER"]
[SourceTitle "EXT 2022"]
[Source "ChessBase"]
[SourceDate "2021.10.06"]
[SourceVersion "1"]
[SourceVersionDate "2021.10.06"]
[SourceQuality "1"]

1. e4 c5 2. Nf3 Nc6 3. d4 cxd4 4. Nxd4 g6 5. g3 Bg7 6. c3 Nf6 7. Bg2 0-0 8. 0-0 d5 9. Nxc6 bxc6 10. exd5 cxd5 11. h3 Bb7 12. Na3 Qd7 13. Nc2 Rfd8 14. Kh2 e6 15. Be3 Bf8 16. Qe2 a5 17. Rfd1 Re8 18. Bg5 Bg7 19. Rd2 h6 20. Be3 Qe7 1/2-1/2

[Event "Niedersachsen-ch Seniors 41st"]
[Site "Sottrum"]
[Date "2007.03.22"]
[Round "1"]
[White "Schallueck, Hans Christian"]
[Black "Loeding, Walter"]
[Result "0-1"]
[WhiteElo "1621"]
[BlackElo "1429"]
[PlyCount "96"]
[EventDate "2007.03.22"]
[EventType "swiss"]
[EventRounds "9"]
[EventCountry "GER"]
[SourceTitle "EXT 2022"]
[Source "ChessBase"]
[SourceDate "2021.10.06"]
[SourceVersion "1"]
[SourceVersionDate "2021.10.06"]
[SourceQuality "1"]

1. e4 c5 2. d4 cxd4 3. c3 Nc6 4. Nf3 dxc3 5. Nxc3 e6 6. Bc4 Na5 7. Bd3 a6 8. 0-0 g6 9. Qe2 Bg7 10. Rd1 Ne7 11. Bf4 d6 12. Bxd6 0-0 13. Bf4 Nac6 14. Rac1 e5 15. Bg5 h6 16. Bh4 g5 17. Bg3 Bg4 18. Qe3 Qa5 19. h3 Bh5 20. Be2 Rfd8 21. a3 Nd4 22. Nd5 Nxe2+ 23. Qxe2 Nc6 24. Rxc6 bxc6 25. Ne7+ Kh8 26. Rxd8+ Qxd8 27. Nxc6 Qe8 28. Ncxe5 Bxe5 29. Bxe5+ Qxe5 30. Qc2 Bxf3 31. gxf3 a5 32. Qc6 Rb8 33. Qxh6+ Kg8 34. Qa6 Rxb2 35. Qc8+ Kg7 36. h4 Rb1+ 37. Kg2 Rb3 38. Qd8 gxh4 39. Qxh4 Qf6 40. Qh3 Rxa3 41. e5 Qg5+ 42. Kf1 Ra1+ 43. Ke2 Qxe5+ 44. Kd2 Ra2+ 45. Kd3 Ra3+ 46. Kd2 Qd4+ 47. Kc1 Qc3+ 48. Kd1 Qxf3+ 0-1

[Event "Niedersachsen-ch Seniors op 09th"]
[Site "Bad Bevensen"]
[Date "2006.06.30"]
[Round "7"]
[White "Janzen, Christian"]
[Black "Loeding, Walter"]
[Result "1/2-1/2"]
[WhiteElo "1628"]
[BlackElo "1435"]
[PlyCount "82"]
[EventDate "2006.06.24"]
[EventType "swiss"]
[EventRounds "9"]
[EventCountry "GER"]
[SourceTitle "EXT 2022"]
[Source "ChessBase"]
[SourceDate "2021.10.06"]
[SourceVersion "1"]
[SourceVersionDate "2021.10.06"]
[SourceQuality "1"]

1. d4 d5 2. Nf3 Nf6 3. e3 e6 4. c4 c5 5. cxd5 Nxd5 6. Bc4 Be7 7. 0-0 0-0 8. Bd2 a6 9. Nc3 Nxc3 10. Bxc3 b5 11. Be2 c4 12. Qc2 f6 13. Rfd1 Ra7 14. Ne1 Bd7 15. d5 Qc8 16. Bf3 e5 17. e4 Bd6 18. Qe2 Rb7 19. Nc2 Rf7 20. Bd2 Qf8 21. g4 g6 22. Kh1 Rc7 23. a3 Bc8 24. Ne3 h6 25. Ba5 Rb7 26. Nc2 Kh8 27. Bb4 Rbd7 28. Bxd6 Rxd6 29. a4 Bd7 30. axb5 Bxb5 31. Na3 Qe8 32. Qd2 Kh7 33. Be2 Rc7 34. Rdc1 Qd7 35. f3 f5 36. Nxc4 Bxc4 37. Rxc4 Rxc4 38. Bxc4 fxe4 39. Qe3 exf3 40. Qxf3 Qe7 41. Rf1 Kg7 1/2-1/2

[Event "Niedersachsen-ch Seniors op 09th"]
[Site "Bad Bevensen"]
[Date "2006.06.26"]
[Round "3"]
[White "Loeding, Walter"]
[Black "Bendisch, Juergen"]
[Result "0-1"]
[WhiteElo "1435"]
[BlackElo "1777"]
[PlyCount "116"]
[EventDate "2006.06.24"]
[EventType "swiss"]
[EventRounds "9"]
[EventCountry "GER"]
[SourceTitle "EXT 2022"]
[Source "ChessBase"]
[SourceDate "2021.10.06"]
[SourceVersion "1"]
[SourceVersionDate "2021.10.06"]
[SourceQuality "1"]

1. e4 c5 2. Nf3 e6 3. d4 cxd4 4. Nxd4 a6 5. a4 Qc7 6. Nf3 Nc6 7. g3 d6 8. Bg2 Nf6 9. Nc3 Bd7 10. 0-0 Be7 11. Re1 0-0 12. h3 Rac8 13. Na2 Rfd8 14. c3 e5 15. Be3 h6 16. Nh2 Be6 17. Nb4 Nxb4 18. cxb4 Qc2 19. Qd2 Bb3 20. Rec1 Qxd2 21. Bxd2 Rxc1+ 22. Rxc1 Bxa4 23. Nf1 Bd7 24. Ne3 Rc8 25. Ra1 Bb5 26. Nd5 Nxd5 27. exd5 Bd8 28. Bf1 Bxf1 29. Kxf1 Bb6 30. Bc3 f5 31. f3 g5 32. Ke2 Kf7 33. Kd3 h5 34. Rc1 Kg6 35. Rc2 Rc7 36. Re2 Rf7 37. Rg2 g4 38. fxg4 fxg4 39. hxg4 hxg4 40. Be1 Rf3+ 41. Kc2 Re3 42. Bd2 Rf3 43. Be1 Kf5 44. Re2 Re3 45. Rxe3 Bxe3 46. Kd3 Ba7 47. b3 e4+ 48. Kc4 b5+ 49. Kc3 Ke5 50. Kc2 Kxd5 51. Kd2 Ke5 52. Ke2 d5 53. Bd2 e3 54. Bc3+ Bd4 55. Be1 Ke4 56. Kd1 Be5 57. Kc1 Kf3 58. Kd1 Bxg3 0-1